[Event "Landesliga U20 Sued 1011"]
[Site "Bayern"]
[Date "2011.04.02"]
[Round "7.3"]
[White "Jekic, Miljan"]
[Black "Leeb, Jonas"]
[Result "1/2-1/2"]
[WhiteElo "1327"]
[BlackElo "1543"]
[PlyCount "98"]
[EventDate "2010.10.16"]
[EventType "team-tourn"]
[EventRounds "7"]
[EventCountry "GER"]
[SourceTitle "EXT 2022"]
[Source "ChessBase"]
[SourceDate "2021.10.06"]
[SourceVersion "1"]
[SourceVersionDate "2021.10.06"]
[SourceQuality "1"]
[WhiteTeam "Nittenau U20"]
[BlackTeam "Muenchen Suedost SK U20"]
[WhiteTeamCountry "GER"]
[BlackTeamCountry "GER"]

1. d4 e6 2. Nf3 d5 3. e3 Nf6 4. Nbd2 c5 5. c3 Nc6 6. Bd3 Bd6 7. 0-0 0-0 8. e4 dxe4 9. Nxe4 cxd4 10. Bg5 Be7 11. Qc2 Nxe4 12. Bxe7 Qxe7 13. Bxe4 h6 14. cxd4 Bd7 15. Rfe1 Rac8 16. Qd2 Qd6 17. Rad1 b6 18. Qe3 Ne7 19. g4 Nd5 20. Qd2 Qf4 21. Qxf4 Nxf4 22. Ne5 Rc7 23. Re3 Bb5 24. h4 Rfc8 25. g5 Rc1 26. Rxc1 Rxc1+ 27. Kh2 f6 28. gxf6 gxf6 29. Rg3+ Kf8 30. Ng6+ Nxg6 31. Rxg6 f5 32. Bf3 Rc2 33. Kg2 Bc6 34. Rxe6 Bxf3+ 35. Kxf3 Kg7 36. Re7+ Kf6 37. Rxa7 Rxb2 38. Ra8 Kg6 39. Rg8+ Kh5 40. Rf8 Rxa2 41. Rxf5+ Kxh4 42. Rf6 Ra4 43. Rxh6+ Kg5 44. Rxb6 Rxd4 45. Rb5+ Kf6 46. Ke3 Rg4 47. f3 Rg8 48. Rb6+ Kf5 49. Rb5+ Kf6 1/2-1/2

[Event "Landesliga U20 Sued 1011"]
[Site "Bayern"]
[Date "2011.04.02"]
[Round "6.3"]
[White "Scholz, Marc"]
[Black "Jekic, Miljan"]
[Result "1-0"]
[WhiteElo "1514"]
[BlackElo "1327"]
[PlyCount "71"]
[EventDate "2010.10.16"]
[EventType "team-tourn"]
[EventRounds "7"]
[EventCountry "GER"]
[SourceTitle "EXT 2022"]
[Source "ChessBase"]
[SourceDate "2021.10.06"]
[SourceVersion "1"]
[SourceVersionDate "2021.10.06"]
[SourceQuality "1"]
[WhiteTeam "Muenchen Tarrasch U20"]
[BlackTeam "Nittenau U20"]
[WhiteTeamCountry "GER"]
[BlackTeamCountry "GER"]

1. d4 d5 2. Nc3 Nf6 3. Bg5 Nbd7 4. f3 c6 5. e4 dxe4 6. fxe4 Qa5 7. Qd2 e6 8. e5 Nd5 9. Nxd5 Qxd2+ 10. Bxd2 cxd5 11. Bb5 a6 12. Bd3 Be7 13. Nf3 0-0 14. 0-0 f6 15. exf6 Nxf6 16. Rae1 Bd6 17. Ng5 Re8 18. Bf4 Bxf4 19. Rxf4 Bd7 20. Nf3 Rac8 21. g4 h6 22. g5 hxg5 23. Nxg5 Re7 24. Rh4 Rce8 25. Bg6 Rc8 26. Nh7 Nxh7 27. Bxh7+ Kf8 28. Bg6 Kg8 29. Rf1 e5 30. dxe5 Rxe5 31. Bh7+ Kh8 32. Bf5+ Kg8 33. Bxd7 Rg5+ 34. Kh1 Rc6 35. Bxc6 bxc6 36. Ra4 1-0

[Event "Nittenau-ch 09th"]
[Site "Nittenau"]
[Date "2009.09.18"]
[Round "1"]
[White "Riedl, Maximilian"]
[Black "Jekic, Miljan"]
[Result "1-0"]
[WhiteElo "1864"]
[BlackElo "1192"]
[PlyCount "83"]
[EventDate "2009.09.18"]
[EventType "swiss"]
[EventRounds "5"]
[EventCountry "GER"]
[SourceTitle "EXT 2022"]
[Source "ChessBase"]
[SourceDate "2021.10.06"]
[SourceVersion "1"]
[SourceVersionDate "2021.10.06"]
[SourceQuality "1"]

1. d4 d5 2. Nf3 Nf6 3. e3 c6 4. Bd3 Bg4 5. h3 Bh5 6. g4 Bg6 7. Ne5 Nbd7 8. Nxg6 hxg6 9. f4 e6 10. Qf3 Qc7 11. Nd2 Bd6 12. c3 c5 13. Nf1 c4 14. Bc2 0-0-0 15. Bd2 Qc6 16. 0-0-0 Nb6 17. g5 Nfd7 18. e4 Na4 19. exd5 Qb5 20. b4 cxb3 21. Bxb3 Ba3+ 22. Kc2 Kb8 23. dxe6 fxe6 24. Qd3 Qc6 25. Ng3 Ndc5 26. Qxg6 Nxb3 27. axb3 Rxd4 28. Qxg7 Rhd8 29. Qe5+ Ka8 30. Ne2 Re4 31. Qf6 Rc8 32. Nd4 Qd7 33. Nf3 Re2 34. Qd4 Qc6 35. Ne5 Qc7 36. bxa4 Bc5 37. Qd7 Qb8 38. Rhe1 Rg2 39. Re4 Rd8 40. Qxe6 Qc7 41. Nd3 Ba3 42. Rc4 1-0